000 01637cam a2200361 a 4500
999 _c529639
_d529639
001 1600316
003 NUST
005 20190930114928.0
008 940420s1994 dcua b f000 0 eng
010 _a 94076364
020 _z03090653:
_c$20.00
038 _aMSOHAIL
040 _aDLC
_cDLC
_dDLC
050 0 0 _aTE203
_b.C64 1994
082 0 0 _a625.8
_220
100 1 _aCollins, R. J.
_q(Robert J.)
_922031
245 1 0 _aRecycling and use of waste materials and by-products in highway construction /
_cRobert J. Collins and Stanley K. Ciesielski.
260 _aWashington, D.C. :
_bNational Academy Press,
_c1994.
300 _a84 p. :
_bill. ;
_c28 cm.
440 0 _aSynthesis of highway practice,
_x0547-5570 ;
_v199
_922032
500 _a"Transportation Research Board, National Research Council."
500 _a"Research sponsored by the American Association of State Highway and Transportation Officials in cooperation with the Federal Highway Administration."
504 _aIncludes bibliographical references (p. 72-76).
650 0 _aWaste products as road materials.
_922033
650 0 _aRecycling (Waste, etc.)
_96422
700 1 _aCiesielski, Stanley K.
_922034
710 2 _aNational Research Council (U.S.).
_bTransportation Research Board.
_919676
710 2 _aAmerican Association of State Highway and Transportation Officials.
_919553
710 1 _aUnited States.
_bFederal Highway Administration.
_920149
906 _a7
_bcbc
_corignew
_d2
_eopcn
_f19
_gy-gencatlg
942 _2ddc
_cBK